000 00577nam a2200181 i 4500
001 bgj
100 1 _aDostoevskij, Fëdor Mihajlovič
_d(1821-1881).
245 1 0 _aWhite nights and other stories /
_cFyodor Dostoevsky ; tranlated from the Russian by Constance Garnett.
250 _a1st Evergreen ed.
260 _aNew York :
_bGrove Press, Inc.,
_c1960.
300 _a206 pp ;
_c21 cm.
650 9 _aRussian fiction
700 1 _aGarnett, Constance
_d(1862-1946).
_eTł.
040 _cBPK
041 1 _aeng
_hrus
942 _cKS
008 s uk f |000 0 eng
999 _c47838
_d47838
856 _uhttp://koha.tu.koszalin.pl/cgi-bin/koha/opac-detail.pl?biblionumber=47838
_yKatalog online BPK